[Event "Xstrata ch-AUS 2006"]
[Site "Brisbane AUS"]
[Date "2005.12.31"]
[Round "4"]
[White "Solomon,SJ"]
[Black "Ly,M"]
[Result "1-0"]
[WhiteElo "2415"]
[BlackElo "2162"]

1.e4 c5 2.Nf3 e6 3.d4 cxd4 4.Nxd4 a6 5.Bd3 Bc5 6.Nb3 Be7 7.c4 d6 8.O-O Nf6
9.Nc3 Nbd7 10.f4 Qc7 11.Be3 b6 12.a4 Nc5 13.a5 Nxd3 14.axb6 Qxc4 15.Na5 Nxb2
16.Nxc4 Nxd1 17.Rfxd1 Bb7 18.Nxd6+ Bxd6 19.Rxd6 Nxe4 20.Nxe4 Bxe4 21.Rc1 Ke7
22.Bc5 Kf6 23.Rd7 Kg6 24.Bd6 Rad8 25.Rcc7 Rxd7 26.Rxd7 Bc6 27.Rc7 Bd5 28.Ra7 Rd8
29.Bc7 Ra8 30.b7 Rxa7 31.b8=Q Rb7 32.Qd8 Rb1+ 33.Kf2 Rb2+ 34.Ke3 Rxg2 35.h4 Rg3+
36.Kd4 Rg4 37.Qe7 f6 38.Qe8+ Kh6 39.h5 Rh4 40.Bd6 Rxh5 41.Bf8 Rh4 42.Qe7 Rxf4+
43.Kc5 Rc4+ 44.Kd6 Kg6 45.Qxg7+ Kf5 46.Qxh7+ Kf4 47.Qh6+ Ke4 48.Qxf6 Kd3
49.Bh6 Rc6+ 50.Ke5 Kc4 51.Qf1+ Kb4 52.Bd2+ Kc5 53.Qb1 Kc4 54.Qc2+ Kb5 55.Qb2+  1-0

[Event "Xstrata ch-AUS 2006"]
[Site "Brisbane AUS"]
[Date "2006.01.04"]
[Round "7"]
[White "Ly,M"]
[Black "Caoili,A"]
[Result "1-0"]
[WhiteElo "2162"]
[BlackElo "2207"]

1.e4 c5 2.Nf3 e6 3.d4 cxd4 4.Nxd4 a6 5.Bd3 Bc5 6.Nb3 Be7 7.Nc3 d6 8.O-O Nf6
9.Qe2 Qc7 10.Kh1 Nbd7 11.f4 b6 12.Bd2 Bb7 13.Rae1 g6 14.e5 Nd5 15.exd6 Bxd6
16.f5 gxf5 17.Rxf5 O-O-O 18.Rxf7 Bxh2 19.Bxa6 Nxc3 20.Bxc3 Bg3 21.Rd1 Rhg8
22.Bxb7+ Qxb7 23.Bf6 Rgf8 24.Rxf8  1-0

[Event "10th Open"]
[Site "Bad Zwesten GER"]
[Date "2006.01.06"]
[Round "7"]
[White "Koscielski,J"]
[Black "Mittendorf,F"]
[Result "1-0"]
[WhiteElo "2339"]
[BlackElo "2206"]

1.e4 c5 2.Nf3 e6 3.d4 cxd4 4.Nxd4 a6 5.Bd3 b5 6.O-O Qb6 7.Nb3 Bb7 8.Qe2 Nf6
9.a4 b4 10.N1d2 Nc6 11.Nc4 Qc7 12.Be3 Ne5 13.Nxe5 Qxe5 14.f4 Qc7 15.Bd4 Be7
16.e5 Nd5 17.f5 g6 18.fxe6 fxe6 19.a5 Qc6 20.Nd2 Bc5 21.Bxc5 Qxc5+ 22.Qf2 Qxf2+
23.Rxf2 Ne3 24.Re1 Nf5 25.Rf4 O-O 26.Rxb4 Bc6 27.b3 Ne7 28.Rf1 Nd5 29.Rd4 Rxf1+
30.Nxf1 Rf8 31.g3 Kg7 32.h4 h5 33.Bxa6 Ra8 34.Bc4 Rxa5 35.Bxd5 Bxd5 36.Ne3 Bc6
37.Nc4 Ra1+ 38.Kf2 Rh1 39.Rd2 Rh2+ 40.Ke3 Rh1 41.Na5 Re1+ 42.Re2 Rg1 43.Nxc6 dxc6
44.Kf2 Rd1 45.Kf3 g5 46.hxg5 Kg6 47.Re4 Kxg5 48.Rc4 Rf1+ 49.Kg2 Re1 50.Rxc6 Rxe5
51.Kf3 Kf5 52.b4 Re1 53.b5 Rf1+ 54.Kg2 Rb1 55.b6 Rb2 56.Kf3 Rb4 57.c4 Rb3+
58.Ke2 e5 59.c5 e4 60.Rc7 Ke6  1-0

[Event "8th Hilton Schachfestival"]
[Site "Basel SUI"]
[Date "2006.01.07"]
[Round "7"]
[White "Sokolov,And1"]
[Black "Milosevic,Go"]
[Result "1-0"]
[WhiteElo "2632"]
[BlackElo "2403"]

1.e4 c5 2.Nf3 e6 3.d4 cxd4 4.Nxd4 a6 5.Bd3 Nf6 6.O-O Qc7 7.Qe2 d6 8.c4 Be7
9.Nc3 O-O 10.f4 Nfd7 11.Be3 Nc6 12.Rad1 Bf6 13.Nf3 b6 14.Bb1 Rd8 15.Ng5 Bxg5
16.fxg5 Nce5 17.Qh5 Nf8 18.Bd4 Nfg6 19.b3 Bd7 20.Qe2 Rab8 21.a4 Be8 22.h3 Nc6
23.Be3 Na5 24.Bc2 Ne5 25.Rd2 Nac6 26.Rfd1 Qe7 27.Qf2 Qc7 28.Qg3 Rd7 29.Kh1 Rbd8
30.Bf4 Rb8 31.Kh2 Rc8 32.Nd5 exd5 33.exd5 Nb4 34.Bf5 Re7 35.Bxc8 Qxc8 36.Re1 Qf5
37.Bxe5 Rxe5 38.Rf2 Qd7 39.Rxe5 dxe5 40.Re2 a5 41.Qxe5 Kf8 42.Qb8 h6 43.gxh6 gxh6
44.Qe5  1-0

[Event "Petrovskaya Ladya IM"]
[Site "Peterhof RUS"]
[Date "2006.01.09"]
[Round "8"]
[White "Zigangirova,S"]
[Black "Itkis,B"]
[Result "1/2-1/2"]
[WhiteElo "2327"]
[BlackElo "2474"]

1.e4 c5 2.Nf3 e6 3.d4 cxd4 4.Nxd4 a6 5.Bd3 Nf6 6.O-O d6 7.c4 Be7 8.Nc3 Qc7
9.Be3 Nbd7 10.Rc1 O-O 11.f3 b6 12.Qd2 Bb7 13.Rc2 Rac8 14.Rb1 Qb8 15.Bf1 Rfe8
16.b4 Bd8 17.Kh1 Bc7 18.Bg1 h5 19.a4 Qa8 20.a5 bxa5 21.b5 h4 22.bxa6 Bxa6
23.Ndb5 Bb8 24.Ra2 Qc6 25.Rxa5 Bxb5 26.Raxb5 Ne5 27.R1b4 h3 28.Bd4 Bc7 29.Qg5 Ra8
30.Rb1 hxg2+ 31.Qxg2 Nh5 32.c5 Nf4 33.Qg5 Neg6 34.Be3 Ra3 35.R5b3 Rxb3 36.Rxb3 dxc5
37.Bb5 Qb7 38.Ba4 Qa6 39.Bb5 Qa1+ 40.Qg1 Ra8 41.Bxc5 Nh3 42.Qxa1 Rxa1+ 43.Rb1 Rxb1+
44.Nxb1 Nh4 45.Bf1 Ng5 46.Nd2 Nhxf3 47.Nxf3 Nxf3 48.h3 Kh7 49.Kg2 Nh4+ 50.Kf2 Be5
51.Bb5 g5 52.Be8 Kg7 53.Be3 Kf6 54.Bb5 Ng6 55.Be2 Bf4 56.Bd4+ Ke7 57.Bh5 Nf8
58.Bc5+ Bd6 59.Bxd6+ Kxd6 60.Bxf7 Kd7 61.Bg8 Ke8 62.Ke3 Ng6 63.Kf3  1/2-1/2

[Event "Keres Mem A"]
[Site "Tallin EST"]
[Date "2006.01.09"]
[Round "2"]
[White "Zjukin,S"]
[Black "Vitiugov,N"]
[Result "0-1"]
[WhiteElo "2356"]
[BlackElo "2573"]

1.e4 c5 2.Nf3 e6 3.d4 cxd4 4.Nxd4 a6 5.Bd3 Qc7 6.O-O Nf6 7.Qe2 b5 8.a4 b4
9.c3 Bb7 10.Bg5 Nc6 11.Nxc6 Qxc6 12.Bxf6 gxf6 13.cxb4 Bxb4 14.Nd2 Rc8 15.Nb3 Ke7
16.Qe3 Rhg8 17.Qh3 Qd6 18.a5 Qe5 19.Ra4 Bd6 20.Rd4 f5 21.Rd1 fxe4 22.Bxa6 Bxa6
23.Rxd6 Bd3 24.Rb6 Qf4 25.Rb7 Rc2 26.Rxd7+ Kxd7 27.Rxd3+ Ke8 28.Qe3 Qg4  0-1

[Event "Keres Mem A"]
[Site "Tallin EST"]
[Date "2006.01.09"]
[Round "2"]
[White "Kulaots,K"]
[Black "Miezis,N"]
[Result "1/2-1/2"]
[WhiteElo "2558"]
[BlackElo "2470"]

1.e4 c5 2.Nf3 e6 3.d4 cxd4 4.Nxd4 a6 5.Bd3 Nc6 6.Nxc6 dxc6 7.Nd2 e5 8.Nc4 Nf6
9.O-O Qc7 10.Bd2 Bg4 11.Qe1  1/2-1/2

[Event "Petrovskaya Ladya IM"]
[Site "Peterhof RUS"]
[Date "2006.01.10"]
[Round "10"]
[White "Lintchevski,D"]
[Black "Kosarev,D"]
[Result "1-0"]
[WhiteElo "2422"]
[BlackElo "2178"]

1.e4 c5 2.Nf3 e6 3.d4 cxd4 4.Nxd4 a6 5.Bd3 Bc5 6.Nb3 Be7 7.Qg4 g6 8.Qe2 d6
9.O-O Nd7 10.Na3 Qc7 11.Kh1 h5 12.Nc4 Ngf6 13.a4 b6 14.a5 bxa5 15.Ncxa5 h4
16.f4 Rh5 17.Bd2 Kf8 18.Bc3 e5 19.Qf3 Rb8 20.Nc4 exf4 21.Qxf4 Ne5 22.Nxe5 dxe5
23.Qf2 Bb7 24.Na5 Ba8 25.Nc4 h3 26.Rxa6 hxg2+ 27.Qxg2 Kg7 28.Ne3 Bb7 29.Nf5+ Kh8
30.Nxe7 Bxa6 31.Rxf6 Bxd3 32.Rxf7 Rb6 33.cxd3 Qd6 34.Qf3 Qe6 35.Nd5 Ra6 36.Qf6+ Qxf6
37.Nxf6  1-0

[Event "2nd Bundesliga Ost 2005-6"]
[Site "Austria AUT"]
[Date "2006.01.14"]
[Round "5"]
[White "Mahdi,K"]
[Black "Siebrecht,S"]
[Result "0-1"]
[WhiteElo "2359"]
[BlackElo "2429"]

1.e4 c5 2.Nf3 e6 3.d4 cxd4 4.Nxd4 a6 5.Bd3 Nf6 6.O-O Qc7 7.Qe2 d6 8.Nd2 Nbd7
9.a4 b6 10.f4 Bb7 11.b4 g6 12.Bb2 Bg7 13.b5 a5 14.Nc6 O-O 15.Nb3 Rfe8 16.Rad1 e5
17.fxe5 Nxe5 18.Bxe5 dxe5 19.Bc4 Rf8 20.Bd5 Kh8 21.Kh1 Rae8 22.c4 Bc8 23.Rc1 Ng4
24.h3 Nf6 25.Rxf6 Bxf6 26.c5 Bg5 27.Rd1 f5 28.exf5 e4 29.Ncd4 bxc5 30.Ne6 Bxe6
31.fxe6 Qg3 32.Qe1 Rf2  0-1

[Event "Winter Cup"]
[Site "Bucharest ROM"]
[Date "2006.01.14"]
[Round "1"]
[White "Chirila,I"]
[Black "Ionescu,Co"]
[Result "1-0"]
[WhiteElo "2376"]
[BlackElo "2450"]

1.e4 c5 2.Nf3 e6 3.d4 cxd4 4.Nxd4 a6 5.Bd3 g6 6.c4 Bg7 7.Ne2 Nc6 8.Nbc3 Nge7
9.O-O O-O 10.Bg5 h6 11.Bh4 Qa5 12.a3 Qh5 13.Bg3 d5 14.Qc2 dxc4 15.Bxc4 b5
16.Ba2 Qc5 17.Rfd1 Ne5 18.Rac1 N7c6 19.h3 Bb7 20.Bf4 Rfd8 21.Be3 Qe7 22.f4 Nd7
23.Bf2 Rac8 24.f5 Nce5 25.fxe6 fxe6 26.Nf4 Nf8 27.Qe2 Rxd1+ 28.Rxd1 Nc4 29.Na4 Qg5
30.g3 Be5 31.h4 Qe7 32.b4 g5 33.Nh5 Nxa3 34.Nc5 Ba8 35.hxg5 hxg5 36.Qg4 Nc4
37.Bxc4 bxc4 38.Be3 Kh8 39.Bxg5 Qh7 40.Nf6 Qg6 41.Qh4+ Kg7 42.Nxe6+  1-0

[Event "TCh-FIN 2005-6"]
[Site "Helsinki FIN"]
[Date "2006.01.14"]
[Round "6"]
[White "Hartikainen,M"]
[Black "Karttunen,M"]
[Result "0-1"]
[WhiteElo "2294"]
[BlackElo "2421"]

1.e4 c5 2.Nf3 e6 3.d4 cxd4 4.Nxd4 a6 5.Bd3 Bc5 6.Nf3 Be7 7.c4 d6 8.Nc3 Nd7
9.O-O b6 10.Bf4 Bb7 11.Bc2 Rc8 12.Bxd6 Rxc4 13.Qd3 Rc8 14.Rad1 Bxd6 15.Qxd6 Qc7
16.Ba4 b5 17.Qxc7 Rxc7 18.Bxb5 axb5 19.Nxb5 Rc6 20.Nd6+ Rxd6 21.Rxd6 Bxe4
22.Ng5 Bg6 23.Ra6 Ke7 24.Ra8 h6 25.Nh3 Be4 26.Rc8 Bb7 27.Rc7 Ba6 28.Rd1 Nf6
29.Nf4 Rb8 30.b3 g5 31.Nd3 Bxd3 32.Rxd3 Nd5 33.Ra7 Rc8 34.g3 Rc1+ 35.Kg2 g4
36.b4 Kd6 37.Ra6+ Kc7 38.Ra7+ Kc8 39.h3 h5 40.hxg4 hxg4 41.Ra8+ Kb7 42.Rda3 Ne5
43.R3a7+ Kb6 44.Ra6+ Kb5 45.Ra5+ Kxb4 46.Ra4+ Kb5 47.R4a5+ Kb6 48.R5a6+ Kc7
49.R6a7+ Kc6 50.Rc8+ Kb6 51.Rxc1 Kxa7 52.Re1 f6 53.Rb1 Nc3 54.Rb3 Ne4 55.Rb4 f5
56.Rb3 Ka6 57.Kg1 Nc5 58.Rb8 Ned3 59.Kf1 Ka7 60.Rd8 Kb7 61.a3 Kc7 62.Rf8 Ne4
63.Ke2 Ndxf2 64.Ke3 Nh1 65.Kf4 Nhxg3 66.Ke5 Nc5 67.Rf7+ Kc6 68.a4 Nge4 69.a5 Kb5
70.Ra7 g3 71.a6 Kb6 72.Ra8 Nxa6 73.Rg8 Nac5 74.Rg7 Kb5 75.Rg8 Kc4  0-1

[Event "Classic"]
[Site "Queenstown NZL"]
[Date "2006.01.18"]
[Round "4"]
[White "Bennion,D"]
[Black "Bjelobrk,I"]
[Result "0-1"]
[WhiteElo "2074"]
[BlackElo "2399"]

1.e4 e6 2.d4 c5 3.Nf3 cxd4 4.Nxd4 a6 5.Bd3 Qc7 6.O-O Nf6 7.Nc3 d6 8.Qe2 Be7
9.f4 O-O 10.e5 Ne8 11.Rf3 g6 12.f5 dxe5 13.fxg6 fxg6 14.Bh6 exd4 15.Bxf8 dxc3
16.Bh6 cxb2 17.Raf1 Qb6+ 18.Qf2 Qxf2+ 19.Kxf2 Nd7 20.Ke2 Nd6 21.Bf4 b5 22.Bxd6 Bxd6
23.Be4 Rb8 24.h4 Nc5 25.Bc6 Bb7 26.Bxb7 Rxb7 27.g4 Rc7 28.c3 Ne4 29.Kd3 Nxc3  0-1

[Event "Classic"]
[Site "Queenstown NZL"]
[Date "2006.01.23"]
[Round "9"]
[White "Chandler,M"]
[Black "Bjelobrk,I"]
[Result "1-0"]
[WhiteElo "2537"]
[BlackElo "2399"]

1.e4 e6 2.d4 c5 3.Nf3 cxd4 4.Nxd4 a6 5.Bd3 Qc7 6.O-O Nf6 7.c4 Nc6 8.Nxc6 dxc6
9.Be3 e5 10.Nc3 b5 11.cxb5 axb5 12.Rc1 Qb7 13.a4 b4 14.Nb1 Be7 15.Nd2 O-O
16.Nc4 Ng4 17.Bb6 Be6 18.a5 Rfc8 19.h3 Bxc4 20.Bxc4 Nf6 21.Qf3 Bd8 22.Bxd8 Rxd8
23.a6 Qe7 24.Rfd1 Ne8 25.Qe3 Rdb8 26.Rd2 h6 27.Rcd1 Nf6 28.Rd6 Rc8 29.Qf3 Rc7
30.R6d2 Rf8 31.Qf5 Re8 32.b3 Rf8 33.Qf3 Ra8 34.Qf5 Rf8 35.Rd3 Re8 36.R1d2 Rf8
37.Rg3 Kh8 38.Rgd3 Kg8 39.h4 Kh8 40.g3 g6 41.Qf3 Kg7 42.Qe3 Rb8 43.Rd1 Ra8
44.Ra1 Nd7 45.Ra5 Raa7 46.Rd1 Ra8 47.Bf1 Rca7 48.Qd2 Nf6 49.Qc2 Rc7 50.Qc4 Nd7
51.Qc1 Raa7 52.Re1 h5 53.Rd1 f6 54.Qc4 Kf8 55.Bh3 Nb6 56.Qd3 Kg7 57.Qe2 Nc8
58.Qd2 Nb6 59.Rc1 Nd7 60.Qe3 Qd6 61.Raa1 Qe7 62.Ra2 Nf8 63.Qb6 Qd6 64.Raa1 Kf7
65.Rc4 Ne6 66.Bxe6+ Qxe6 67.Qxb4 Qc8 68.Qb6 Ra8 69.b4 Rb8 70.Qc5 Rb5 71.Qxb5 cxb5
72.Rxc7+  1-0

[Event "Winter Cup"]
[Site "Bucharest ROM"]
[Date "2006.01.24"]
[Round "11"]
[White "Lupulescu,C"]
[Black "Ionescu,Co"]
[Result "1-0"]
[WhiteElo "2528"]
[BlackElo "2450"]

1.e4 c5 2.Nf3 e6 3.d4 cxd4 4.Nxd4 a6 5.Bd3 g6 6.Nc3 Bg7 7.Be3 d6 8.Qd2 Nf6
9.Bh6 O-O 10.Bxg7 Kxg7 11.O-O-O e5 12.Nb3 Qc7 13.h4 h6 14.Be2 Rd8 15.f4 Qe7
16.h5 exf4 17.hxg6 fxg6 18.Qxf4 h5 19.Nd5 Nxd5 20.Rxd5 Be6 21.Rg5 Qf6 22.Qe3 Nc6
23.Rf1 Qe7 24.Bxh5 Ne5 25.Bxg6 Nxg6 26.Qg3 Qe8 27.Qc3+  1-0

[Event "14th FAJR Open"]
[Site "Tehran IRI"]
[Date "2006.01.25"]
[Round "3"]
[White "Mammadov,A"]
[Black "Ghaem Maghami,E"]
[Result "0-1"]
[WhiteElo "2140"]
[BlackElo "2564"]

1.e4 c5 2.Nf3 e6 3.d4 cxd4 4.Nxd4 a6 5.Bd3 Nf6 6.Qe2 d6 7.Nc3 Be7 8.O-O O-O
9.a4 b6 10.f4 Bb7 11.Be3 Nbd7 12.Nb3 Qc7 13.Rae1 e5 14.Qf3 Rac8 15.Qh3 exf4
16.Rxf4 Ne5 17.Nd4 g6 18.Ref1 Qd8 19.Be2 Rxc3 20.bxc3 Nxe4 21.Bg4 Ng5 22.Qg3 Kh8
23.Qe1 f5 24.Be2 Qd7 25.Bd3 Qxa4 26.Ne6 Qc6 27.Be4 Nxe4 28.Nxf8 Bxf8 29.Bd4 Bg7
30.Qe2 Nxc3 31.Qd2 Ne4 32.Qe2 h6 33.Ba1 Kh7 34.Bd4 Ng5 35.Rh4 Bf6  0-1

[Event "14th FAJR Open"]
[Site "Tehran IRI"]
[Date "2006.01.27"]
[Round "4"]
[White "Kasparov,S"]
[Black "Abedi,Al"]
[Result "1-0"]
[WhiteElo "2491"]
[BlackElo "2228"]

1.e4 c5 2.Nf3 e6 3.d4 cxd4 4.Nxd4 a6 5.Bd3 d6 6.c4 Nf6 7.Nc3 Be7 8.O-O O-O
9.b3 Qc7 10.Bb2 b6 11.Rc1 Bb7 12.Bb1 Nbd7 13.Kh1 Rfe8 14.f4 Rad8 15.Nf3 Qb8
16.Qe2 Nf8 17.Qf2 Bc6 18.f5 exf5 19.Nd4 Qb7 20.Nxc6 Qxc6 21.Qxf5 Qc8 22.Qf2 Qc5
23.Qg3 Qe5 24.Qh3 Qh5 25.Qxh5 Nxh5 26.Nd5 Nd7 27.Nc7 Rf8 28.Nxa6 Bf6 29.Bxf6 Nhxf6
30.Nc7 Ne5 31.Kg1 Rc8 32.Nb5 Rfd8 33.Rcd1 Ne8 34.Rd2 Kf8 35.Rfd1 Ke7 36.Bd3 f6
37.Be2 g6 38.Nd4 Ng7 39.h3 h5 40.Nf3 Nxf3+ 41.gxf3 Ne6 42.h4 g5 43.Kf2 Nf4
44.Bf1 Rc5 45.Ke3 Ng6 46.hxg5 fxg5 47.Bh3 Nf4 48.Bf5 Re5 49.a4 Rc5 50.Rg1 Kf6
51.Rdd1 Rc7 52.Rd2 Rc5 53.Rd4 Rc7 54.Rgd1 Ke7 55.e5 Rc5 56.exd6+ Kf6 57.Be4 Re5
58.b4 h4 59.d7 Ke7 60.Rd6 h3 61.Rh6 Re6 62.Rh7+ Kf6 63.c5 bxc5 64.bxc5 Re7
65.Rxe7 Kxe7 66.c6 h2 67.Rh1 Rh8 68.Kf2 Kd8 69.a5 Kc7 70.a6 Rh4 71.a7 Rh8
72.Ke3 Ra8 73.Rxh2 Rxa7 74.Rh8 Ra3+ 75.Kd2  1-0

[Event "Gibtelecom Masters"]
[Site "Gibraltar ENG"]
[Date "2006.01.28"]
[Round "5"]
[White "Roy Chowdhury,S"]
[Black "Agrest,E"]
[Result "1/2-1/2"]
[WhiteElo "2393"]
[BlackElo "2591"]

1.e4 c5 2.Nf3 e6 3.d4 cxd4 4.Nxd4 a6 5.Bd3 Bc5 6.Nb3 Ba7 7.O-O Ne7 8.Qe2 Nbc6
9.Be3 e5 10.Bxa7 Rxa7 11.Nc3 d6 12.Rfd1 O-O 13.Qe3 Ra8 14.Na4 Be6 15.Nb6 Rb8
16.c4 Nc8 17.Nd5 a5 18.Nd2 N8e7 19.Rac1 Kh8 20.h3 Ng6 21.Nf3 h6 22.Nc3 Qf6
23.Bf1 Rfd8 24.Nb5 Rd7 25.Rd2 Nf4 26.Rcd1 Qg6 27.Nh4 Qf6 28.Nf3 Qg6 29.Nh4 Qg5
30.Qg3 Qf6 31.Nf3 Rbd8 32.Nh2 h5 33.Nf3 Qe7 34.Ng5 Nb4 35.Nxe6 Qxe6 36.Kh2 Na6
37.Qe3 Qg6 38.g3 Ne6 39.h4 Nac5 40.f3 Qf6  1/2-1/2

[Event "ch-Serbia"]
[Site "Vrnjacka Banja SCG"]
[Date "2006.02.02"]
[Round "6"]
[White "Kojovic,D"]
[Black "Lapcevic,M"]
[Result "1/2-1/2"]
[WhiteElo "2341"]
[BlackElo "2282"]

1.e4 c5 2.Nf3 e6 3.d4 cxd4 4.Nxd4 a6 5.Bd3 Bc5 6.Nb3 Ba7 7.c4 Nc6 8.Nc3 d6
9.Qe2 Nf6 10.Be3 Bxe3 11.Qxe3 O-O 12.O-O b6 13.Rad1 Qc7 14.f4 Bb7 15.a3 Rad8
16.Qh3 Rfe8 17.Kh1 Nb8 18.Nd4 Nbd7 19.Rde1 Nf8 20.Qh4 Qc5 21.Nb3 Qc7 22.Qh3 Ng6
23.Qe3 Ba8 24.Rc1 Qb7 25.Rc2 Rc8 26.Re2 Rc7 27.Qg3 Rd7 28.Qh3 Qc7 29.Ref2 Qb8
30.Nd4 e5 31.Nde2 exf4 32.Nxf4 Rde7 33.Nfd5 Bxd5 34.Nxd5 Nxd5 35.exd5 Qc7
36.Rf3 Qc5 37.Bxg6 hxg6 38.Qg3 b5 39.cxb5 axb5 40.h3 Qxd5 41.Rd3 Qe5 42.Qf2 Qc5
43.Qf3 Qc7 44.Qd5 Re1 45.Rf3 Rxf1+ 46.Rxf1 Qc4 47.Qf3 Re5 48.b3 Qe6 49.Qd3 Kh7
50.a4 bxa4 51.bxa4 Ra5 52.Qd4 Qe5 53.Qh4+ Qh5 54.Qb4 Qc5 55.Qh4+ Qh5 56.Qb4 Qc5
57.Qh4+  1/2-1/2

[Event "3rd ch-Mediterranean"]
[Site "Antalya TUR"]
[Date "2006.02.03"]
[Round "4"]
[White "Lamoureux,I"]
[Black "Mir Mahmoud,A"]
[Result "1-0"]
[WhiteElo "2033"]
[BlackElo "2024"]

1.e4 c5 2.Nf3 e6 3.d4 cxd4 4.Nxd4 a6 5.Bd3 Nf6 6.O-O Qc7 7.Qe2 d6 8.Kh1 Nbd7
9.f4 b5 10.a4 b4 11.c3 bxc3 12.Nxc3 Bb7 13.Nb3 Be7 14.Be3 O-O 15.Rac1 Nc5
16.Nxc5 dxc5 17.e5 Nd5 18.Nxd5 exd5 19.Bxc5 Bxc5 20.b4 Qd7 21.bxc5 Qxa4 22.f5 f6
23.e6 Qc6 24.Rf4 Rfe8 25.Qh5 Re7 26.Rh4 h6 27.Qg4 Kf8 28.Qg6 Qc7 29.Qh7 Ree8
30.Qh8+  1-0

[Event "3rd ch-Mediterranean"]
[Site "Antalya TUR"]
[Date "2006.02.03"]
[Round "4"]
[White "Makropoulou,M"]
[Black "Lamoureux,C"]
[Result "1/2-1/2"]
[WhiteElo "2284"]
[BlackElo "2379"]

1.e4 c5 2.Nf3 e6 3.d4 cxd4 4.Nxd4 a6 5.Bd3 Qb6 6.Nb3 Qc7 7.O-O Nf6 8.f4 d6
9.Kh1 g6 10.f5 Bg7 11.Qe1 Nbd7 12.Qh4 b6 13.fxe6 fxe6 14.Nd4 Nc5 15.Nc3 O-O
16.Bg5 Nfd7 17.Rxf8+ Nxf8 18.Bd8 Qd7 19.Nf3 b5 20.Bf6 b4 21.Ne2 Bb7 22.Rf1 Bxf6
23.Qxf6 Bxe4 24.Ng5 Bf5 25.g4 Nxd3 26.cxd3 h6 27.gxf5 hxg5 28.fxg6 Qg7 29.Qxg5 Rc8
30.Ng3 Qb7+ 31.Ne4 Nd7 32.Qe7 Nc5 33.Qh7+ Qxh7 34.gxh7+ Kxh7 35.Nxd6 Rd8
36.Ne4 Nxe4 37.dxe4 Rd2 38.Rf7+ Kg6 39.Ra7 Rxb2 40.Rxa6 Kf6 41.Kg1 Ke5 42.Rb6 Kd4
43.h4 Kc5 44.Ra6 Kb5 45.Ra8 Re2 46.h5 Rxe4 47.h6 Rh4 48.Rh8 Kb6 49.Kg2 e5
50.Kg3 Rh1 51.Kg4 Kb7 52.Kg5 Rh2 53.Re8 Rg2+ 54.Kf6 Rf2+ 55.Kg7 Rg2+ 56.Kf6 Rf2+
57.Kg7 Rg2+ 58.Kh8 Rxa2 59.Rxe5 Kc6 60.h7 Rg2 61.Re8 b3 62.Rg8 b2 63.Rxg2 b1=Q
64.Kg8 Qb3+ 65.Kg7 Qc3+ 66.Kg8 Qc4+ 67.Kg7 Qd4+ 68.Kh6 Qh4+ 69.Kg7 Qe7+ 70.Kg8 Qd8+
71.Kg7 Qd7+ 72.Kg8 Qd5+ 73.Kh8 Qxg2  1/2-1/2

[Event "TCh-FRA Top 16 Gp A"]
[Site "Paris FRA"]
[Date "2006.02.04"]
[Round "2"]
[White "Muller,A"]
[Black "Collas,S"]
[Result "1-0"]
[WhiteElo "2169"]
[BlackElo "2398"]

1.e4 c5 2.Nf3 e6 3.d4 cxd4 4.Nxd4 a6 5.Bd3 d6 6.Nc3 b5 7.a3 Nf6 8.O-O Bb7
9.Be3 Nbd7 10.f4 Rc8 11.Qe2 Rxc3 12.bxc3 Nxe4 13.c4 bxc4 14.Bxc4 Ndc5 15.Nb3 Nc3
16.Qd2 N5e4 17.Qd4 Be7 18.Qa7 Qa8 19.Qxa8+ Bxa8 20.Bxa6 Bf6 21.Bd4 e5 22.fxe5 dxe5
23.Be3 O-O 24.a4 Nd5 25.Rae1 Bh4 26.g3 Bd8 27.a5 Nxe3 28.Rxe3 f5 29.Bc4+ Kh8
30.Bd3 Be7 31.Bxe4 fxe4 32.Rxe4  1-0

[Event "ch-UKR b-20"]
[Site "Lviv UKR"]
[Date "2006.02.11"]
[Round "10"]
[White "Kravtsiv,M"]
[Black "Oleksienko,M"]
[Result "1/2-1/2"]
[WhiteElo "2344"]
[BlackElo "2509"]

1.e4 c5 2.Nf3 e6 3.d4 cxd4 4.Nxd4 a6 5.Bd3 Nf6 6.O-O d6 7.Be3 Be7 8.f4 O-O
9.Qf3 Nbd7 10.Nc3 Nc5 11.Rae1 Nxd3 12.cxd3 e5 13.Nf5 Bxf5 14.exf5 exf4 15.Bd4 d5
16.Qxf4 Rc8 17.Kh1 b5 18.Qf3 b4 19.Bxf6 Bxf6 20.Nxd5 Rc2 21.Re2 Rxe2 22.Nxf6+ Qxf6
23.Qxe2 h6 24.h3 Rd8 25.Rf4 a5 26.b3 Kh7 27.Qe4 Rc8 28.d4 Rc1+ 29.Kh2 Rd1
30.Qe5 Rd2 31.Qxa5 Rxd4 32.Rxd4 Qxd4 33.Qc7 f6 34.Qg3 Kg8  1/2-1/2

[Event "TCh-HUN 2005-6"]
[Site "Hungary HUN"]
[Date "2006.02.12"]
[Round "7"]
[White "Valko,K"]
[Black "Boros,De"]
[Result "1-0"]
[WhiteElo "2251"]
[BlackElo "2468"]

1.e4 c5 2.Nf3 e6 3.d4 cxd4 4.Nxd4 a6 5.Bd3 g6 6.Be3 Bg7 7.c4 Nc6 8.Nxc6 dxc6
9.Nc3 Bd4 10.Bxd4 Qxd4 11.Be2 e5 12.Qb3 Nf6 13.O-O Nxe4 14.Nxe4 Qxe4 15.Bf3 Qd4
16.Qa3 Qxc4 17.Rfe1 Be6 18.Rxe5 O-O-O 19.Rc5 Rd3 20.Qa5 Qd4 21.Rac1 Kb8 22.h3 Rd2
23.Rxc6 Bc8 24.Rxa6 Qxf2+ 25.Kh1 Rd1+ 26.Rxd1 bxa6 27.Qe5+ Ka7 28.Qxh8 Bxh3
29.Qd4+  1-0

[Event "Masters"]
[Site "Bunratty IRL"]
[Date "2006.02.18"]
[Round "2"]
[White "Connolly,S"]
[Black "Jeffares,S"]
[Result "1/2-1/2"]
[WhiteElo "2027"]
[BlackElo "2081"]

1.e4 c5 2.Nf3 e6 3.d4 cxd4 4.Nxd4 a6 5.Bd3 Qc7 6.O-O Nf6 7.c4 d6 8.Nc3 Nbd7
9.Qe2 Ne5 10.Bg5 Be7 11.Rac1 h6 12.Bh4 Qb6 13.Nb3 g5 14.Bg3 Nfd7 15.Kh1 Qc7
16.f4 gxf4 17.Bxf4 b6 18.Nd2 Bb7 19.Nf3 Bf6 20.Nxe5 dxe5 21.Be3 Bg5 22.Rc2 Bxe3
23.Qxe3 Ke7 24.Qf2 f6 25.Re2 Raf8 26.Re3 Rf7 27.Be2 Rg7 28.Rg3 Rhg8 29.Rxg7+ Rxg7
30.Qh4 Qc8 31.Qxh6 Qg8 32.Bf3 Rg6 33.Qd2 Qd8 34.Rd1 Qc7 35.b3 Nb8 36.Ne2 Nc6
37.h3 Nd8 38.Qb4+ Ke8 39.Bh5 Kf7 40.Bxg6+ Kxg6 41.Qf8 Nf7 42.Ng3 f5 43.Qg8+ Kf6
44.Nh5+ Ke7 45.Qg7 Bc8 46.Qf6+ Kf8 47.exf5 exf5 48.Rd2  1/2-1/2

[Event "Festival de Meurthe-et-Moselle B"]
[Site "Nancy FRA"]
[Date "2006.02.23"]
[Round "5"]
[White "Julian,S"]
[Black "Colson,A"]
[Result "1/2-1/2"]
[WhiteElo "2178"]
[BlackElo "2212"]

1.e4 c5 2.Nf3 e6 3.d4 cxd4 4.Nxd4 a6 5.Bd3 Nf6 6.Nc3 Qc7 7.f4 d6 8.O-O b5
9.Kh1 b4 10.e5 bxc3 11.exf6 gxf6 12.bxc3 h5 13.Rb1 Bb7 14.Be2 h4 15.Bf3 Bxf3
16.Qxf3 Ra7 17.Rxb8+ Qxb8 18.Nc6 Qb7 19.Nxa7 Qxa7 20.Be3 Qb8 21.Qc6+ Ke7
22.h3 Bh6 23.Qxa6 Qa8 24.Qb6 Rc8 25.Rd1 Qc6 26.Qa7+ Rc7 27.Qd4 d5 28.Qb4+ Qd6
29.a4 Rc4 30.Qxc4 dxc4 31.Rxd6 Kxd6  1/2-1/2

[Event "13th Open Metalis"]
[Site "Bizovac CRO"]
[Date "2006.02.24"]
[Round "3"]
[White "Bilus Gagic,A"]
[Black "Vernacki,S"]
[Result "0-1"]
[WhiteElo "2000"]
[BlackElo "2247"]

1.e4 c5 2.Nf3 e6 3.d4 cxd4 4.Nxd4 a6 5.Bd3 Nf6 6.O-O d6 7.Nc3 Be7 8.Kh1 O-O
9.f4 Qc7 10.Qe1 e5 11.fxe5 dxe5 12.Nf5 Bxf5 13.Rxf5 Nbd7 14.Qg3 Rfe8 15.Nd5 Nxd5
16.exd5 g6 17.Bh6 Bf8 18.Bxf8 Rxf8 19.Raf1 Qd6 20.c4 Rae8 21.a3 a5 22.R5f2 Re7
23.Bb1 a4 24.Bc2 Ra8 25.Qh4 f5 26.Qg5 Rg7 27.Qd2 Nb6 28.Qc3 Rc8 29.Bd3 Re7
30.Re1 e4 31.Bb1 Rxc4 32.Qe3 Nxd5 33.Qe2 Rd4 34.Ba2 Kh8 35.Qb5 Nf6 36.Rc2 h5
37.h3 Rd1 38.Rc1 Rxe1+ 39.Rxe1  0-1

[Event "2nd Bundesliga Ost 2005-6"]
[Site "Austria AUT"]
[Date "2006.02.26"]
[Round "9"]
[White "Hagara,E"]
[Black "Haba,Z"]
[Result "1-0"]
[WhiteElo "2376"]
[BlackElo "2237"]

1.e4 c5 2.Nf3 e6 3.d4 cxd4 4.Nxd4 a6 5.Bd3 g6 6.O-O Bg7 7.Nb3 Ne7 8.Qe2 O-O
9.f4 d6 10.N1d2 Nbc6 11.Nf3 Nb4 12.Rd1 Qc7 13.c3 Nxd3 14.Qxd3 d5 15.e5 Bd7
16.Nbd4 Rfc8 17.Bd2 Nc6 18.Kh1 Na5 19.b3 b6 20.h4 Nb7 21.b4 Qc4 22.Qe3 a5
23.a3 Nd8 24.h5 Nc6 25.g4 f6 26.exf6 Bxf6 27.hxg6 hxg6 28.Ne5 Nxe5 29.fxe5 Bg7
30.Kg2 Qc7 31.Re1 axb4 32.cxb4 Rf8 33.Rac1 Qd8 34.Rh1 Rf7 35.Rce1 Qc7 36.Qh3 Bxe5
37.Nf3 Rxf3 38.Qxf3 Bc6 39.Rc1 Rf8 40.Qh3 d4+ 41.Kg1 Qf7 42.Bf4 Be4 43.Rh2 Bg2
44.Qh6 d3 45.Rd1 g5 46.Qxg5+ Bg7 47.Rxg2 Qxf4 48.Qxf4 Rxf4 49.Rxd3 Bd4+ 50.Kh2 e5
51.Kg3 Rf1 52.Re2 Kg7 53.Re4 Ra1 54.Kh4 Kg6 55.Rdxd4 exd4 56.Rxd4 Rh1+ 57.Kg3 Ra1
58.Kf4 b5 59.Rd6+ Kf7 60.Ra6 Re1 61.Ra5 Ra1 62.Kg5 Ra2 63.Ra7+ Ke6 64.Kg6 Kd5
65.g5 Kc4 66.Kh7 Rh2+ 67.Kg7 Kb3 68.g6 Rh5 69.Kg8 Rf5 70.g7 Rf1 71.Rf7 Rg1
72.Rf3+  1-0

[Event "TCh-CZE Extraliga 2005-6"]
[Site "Czech Rep CZE"]
[Date "2006.02.26"]
[Round "9"]
[White "Malinovsky,K"]
[Black "Bernasek,J"]
[Result "1/2-1/2"]
[WhiteElo "2317"]
[BlackElo "2446"]

1.e4 c5 2.Nf3 e6 3.d4 cxd4 4.Nxd4 a6 5.Bd3 Bc5 6.Nb3 Ba7 7.O-O Nc6 8.Qe2 d6
9.Be3 Nge7 10.c4 O-O 11.Nc3 e5 12.Rfd1 Nd4 13.Bxd4 exd4 14.Nd5 Nc6 15.Rac1 Re8
16.Bb1 Bf5 17.Qf3 Bg6 18.Qf4 Rc8 19.Nd2 Ne5 20.Qg3 Bh5 21.Re1 f6 22.h3 Bf7
23.f4 Ng6 24.Kh2 Kh8 25.Nf3 Qa5 26.Red1 b5 27.Nxd4 bxc4 28.Nf5 Red8 29.h4 Be6
30.Nxg7 Kxg7 31.f5 Bxd5 32.Rxd5 Qb6 33.fxg6 Qxb2 34.Rf1 Bd4 35.Kh3 Be5 36.Qf3 hxg6
37.g3 Rh8 38.Qg2 Qb7 39.Qe2 c3 40.Bc2 Qd7+ 41.Kg2 Rb8 42.Bb3 Rhc8 43.Rf2 c2
44.Bxc2 Rb2 45.Qd1 Rc3 46.Rd3 Qc6 47.Rxc3 Qxc3 48.Bd3 Qd4 49.Rxb2 Qxb2+ 50.Qc2 Qxc2+  1/2-1/2

[Event "TCh-HUN 2005-6"]
[Site "Hungary HUN"]
[Date "2006.02.26"]
[Round "8"]
[White "Meszaros,Mi"]
[Black "Sax,G"]
[Result "0-1"]
[WhiteElo "2348"]
[BlackElo "2539"]

1.e4 c5 2.Nf3 e6 3.d4 cxd4 4.Nxd4 a6 5.Bd3 Qb6 6.Nb3 Qc7 7.Qe2 Nc6 8.O-O Nf6
9.f4 d6 10.c4 Nb4 11.Nc3 Nxd3 12.Qxd3 Bd7 13.Be3 Rc8 14.Nd2 Be7 15.Kh1 Bc6
16.Rac1 O-O 17.b4 Rfd8 18.Qb1 d5 19.cxd5 exd5 20.Nxd5 Nxd5 21.exd5 Rxd5 22.Nc4 Rb5
23.a3 Qd8 24.Rfd1 Qe8 25.Bd4 Rd8 26.Be5 Rxd1+ 27.Rxd1 Bxg2+ 28.Kxg2 Qc6+
29.Kg1 Qxc4 30.Qb2 f6 31.Bd6 Bxd6 32.Rxd6 Qxf4 33.Qb3+ Kf8 34.Rd8+ Ke7 35.Rd3 Re5
36.Qc3 Qg4+ 37.Kh1 Qe4+ 38.Kg1 Qe1+ 39.Qxe1 Rxe1+ 40.Kf2 Re5 41.Rc3 Kd6 42.Rc8 Re7
43.Kf3 Rc7 44.Rh8 g6  0-1